Integrated-circuit operational amplifiers /

Guardado en:
Otros Autores: Meyer, Robert G., 1942-, (Editor , ed.)
Formato: Libro
Idioma:English
Publicado: New York : IEEE Press : sole worldwide distributor exclusive of the IEEE, Wiley, c1978.
Series:IEEE Press selected reprint series
Materias:
Etiquetas: Agregar Etiqueta
Sin Etiquetas, Sea el primero en etiquetar este registro!
LEADER 01047cam a22002775a 4500
001 EIQ.libpla003896
008 790515r1978####nyua#####b####001#0#eng#d
005 20080407185952.0
245 0 0 |a Integrated-circuit operational amplifiers /  |c edited by Robert G. Meyer. 
260 |a New York :  |b IEEE Press : sole worldwide distributor exclusive of the IEEE, Wiley,  |c c1978. 
300 |a vi, 311 p. :  |b il. ;  |c 28 cm. 
490 0 |a IEEE Press selected reprint series 
504 |a Incluye referencias bibliográficas e índices. 
020 |a 0879421150 
020 |a 0879421169 (pbk.) 
020 |a 0471050687 (Wiley) 
020 |a 0471050695 (Wiley : pbk.) 
700 1 |a Meyer, Robert G.,  |d 1942-,  |e ed.  |4 edt 
082 0 0 |a 621.381/73/5 
650 4 |a Electrónica  |x Circuitos integrados. 
650 4 |a Electrónica  |x Amplificador operacional. 
650 4 |a Electronics  |x Integrated circuits. 
650 4 |a Electronics  |x Operational amplifiers. 
010 |a  78059635  
040 |a DLC  |c DLC  |d AR-BbSID 
859 |a AR-BbSID  |b BIB. PLAPIQUI  |h 621.381 9  |i In 8  |p 2392